<?xml version="1.0" encoding="UTF-8"?>
<record
    xmlns:xsi="http://www.w3.org/2001/XMLSchema-instance"
    xsi:schemaLocation="http://www.loc.gov/MARC21/slim http://www.loc.gov/standards/marcxml/schema/MARC21slim.xsd"
    xmlns="http://www.loc.gov/MARC21/slim">

  <leader>01181nam a2200253Ia 4500</leader>
  <controlfield tag="005">20231102151518.0</controlfield>
  <controlfield tag="008">121101s19982000mx     f      000 0 spa d</controlfield>
  <datafield tag="020" ind1=" " ind2=" ">
    <subfield code="a">9687681713 (Tomo II)</subfield>
  </datafield>
  <datafield tag="020" ind1=" " ind2=" ">
    <subfield code="a">9687681748 (Obra completa)</subfield>
  </datafield>
  <datafield tag="050" ind1=" " ind2=" ">
    <subfield code="a">TH5616</subfield>
    <subfield code="b">T45 2000</subfield>
  </datafield>
  <datafield tag="100" ind1=" " ind2=" ">
    <subfield code="a">T&#xE9;llez Trejo, Benjam&#xED;n Rolando</subfield>
    <subfield code="e">autor</subfield>
    <subfield code="9">26898</subfield>
  </datafield>
  <datafield tag="245" ind1="1" ind2="3">
    <subfield code="a">El Dictamen en la contadur&#xED;a p&#xFA;blica </subfield>
    <subfield code="c">/ Benjam&#xED;n Rolando T&#xE9;llez Trejo</subfield>
  </datafield>
  <datafield tag="250" ind1=" " ind2=" ">
    <subfield code="a">7a ed.</subfield>
  </datafield>
  <datafield tag="260" ind1=" " ind2=" ">
    <subfield code="a">M&#xE9;xico : </subfield>
    <subfield code="b">Ediciones Contables, Administrativas y Fiscales (ECAFSA),</subfield>
    <subfield code="c">1998</subfield>
  </datafield>
  <datafield tag="300" ind1=" " ind2=" ">
    <subfield code="a">813 p&#xE1;ginas</subfield>
  </datafield>
  <datafield tag="336" ind1=" " ind2=" ">
    <subfield code="a">Texto</subfield>
  </datafield>
  <datafield tag="337" ind1=" " ind2=" ">
    <subfield code="a">Sin medio</subfield>
  </datafield>
  <datafield tag="338" ind1=" " ind2=" ">
    <subfield code="a">Volumen</subfield>
  </datafield>
  <datafield tag="505" ind1="1" ind2=" ">
    <subfield code="a">Contenido:

Tomo II

Capitulo 1

La auditora Fiscal Federal en M&#xE9;xico

Capitulo 2

La auditor&#xED;a gubernamental en M&#xE9;xico

Capitulo 3

La auditora para efectos del seguro social en M&#xE9;xico

Capitulo 4

Dict&#xE1;menes del sector financiero

Capitulo 5

El dictamen para obligaciones fiscales establecidas en el c&#xF3;digo financiero del distrito federal</subfield>
  </datafield>
  <datafield tag="519" ind1=" " ind2=" ">
    <subfield code="a">Modalidad Complementaria</subfield>
    <subfield code="d">(12 002528), (12 002529), (12 002841)</subfield>
  </datafield>
  <datafield tag="650" ind1="1" ind2="4">
    <subfield code="a">CONTADUR&#xCD;A P&#xDA;BLICA</subfield>
    <subfield code="9">26896</subfield>
  </datafield>
  <datafield tag="650" ind1="1" ind2="4">
    <subfield code="a">CONTADORES COMO PROFESION</subfield>
    <subfield code="9">26897</subfield>
  </datafield>
  <datafield tag="942" ind1=" " ind2=" ">
    <subfield code="2">lcc</subfield>
    <subfield code="c">LB</subfield>
  </datafield>
  <datafield tag="952" ind1=" " ind2=" ">
    <subfield code="0">0</subfield>
    <subfield code="1">0</subfield>
    <subfield code="2">lcc</subfield>
    <subfield code="4">0</subfield>
    <subfield code="7">0</subfield>
    <subfield code="a">12</subfield>
    <subfield code="b">12</subfield>
    <subfield code="d">2016-04-13</subfield>
    <subfield code="l">0</subfield>
    <subfield code="o">TH5616 T45 2000 </subfield>
    <subfield code="p">12 002841</subfield>
    <subfield code="r">2015-04-22</subfield>
    <subfield code="t">Ej.1 T.2</subfield>
    <subfield code="w">2012-11-01</subfield>
    <subfield code="y">LB</subfield>
  </datafield>
  <datafield tag="952" ind1=" " ind2=" ">
    <subfield code="0">0</subfield>
    <subfield code="1">0</subfield>
    <subfield code="2">lcc</subfield>
    <subfield code="4">0</subfield>
    <subfield code="7">0</subfield>
    <subfield code="a">12</subfield>
    <subfield code="b">12</subfield>
    <subfield code="d">2016-04-13</subfield>
    <subfield code="l">0</subfield>
    <subfield code="o">TH5616 T45 2000</subfield>
    <subfield code="p">12 002528</subfield>
    <subfield code="r">2016-04-13</subfield>
    <subfield code="t">Ej.2 T.2</subfield>
    <subfield code="w">2016-04-13</subfield>
    <subfield code="y">LB</subfield>
  </datafield>
  <datafield tag="952" ind1=" " ind2=" ">
    <subfield code="0">0</subfield>
    <subfield code="1">0</subfield>
    <subfield code="2">lcc</subfield>
    <subfield code="4">0</subfield>
    <subfield code="7">0</subfield>
    <subfield code="a">12</subfield>
    <subfield code="b">12</subfield>
    <subfield code="d">2016-04-13</subfield>
    <subfield code="l">0</subfield>
    <subfield code="o">TH5616 T45 2000</subfield>
    <subfield code="p">12 002529</subfield>
    <subfield code="r">2016-04-13</subfield>
    <subfield code="t">Ej.3 T.2</subfield>
    <subfield code="w">2016-04-13</subfield>
    <subfield code="y">LB</subfield>
  </datafield>
  <datafield tag="999" ind1=" " ind2=" ">
    <subfield code="c">87926</subfield>
    <subfield code="d">87926</subfield>
  </datafield>
</record>
